| 000 | 00371nam a22001337a 4500 | ||
|---|---|---|---|
| 020 | _a9781639875085 | ||
| 082 |
_a647.940684 _bRAY |
||
| 100 | _aRay, Chris | ||
| 245 |
_aStrategic Management for Hospitality and Tourism / _cChris Ray |
||
| 260 |
_aNew York : _bMurphy & Moore Publishing, _c2022. |
||
| 300 |
_a245 p. ; _c28 cm. |
||
| 563 | _aHBK. | ||
| 942 |
_2ddc _cBK |
||
| 999 |
_c590438 _d590438 |
||